First Penthouse Ltd v Channel Hotels and Properties (UK) Ltd: Channel Hotels and Properties (UK) Ltd v Fahad Al Tamimi and others (Record no. 73967)
[ view plain ]
| 000 -LEADER | |
|---|---|
| fixed length control field | 02297cam a2200301 4500 |
| 001 - CONTROL NUMBER | |
| control field | ABS67353 |
| 008 - FIXED-LENGTH DATA ELEMENTS--GENERAL INFORMATION | |
| fixed length control field | 031218n2003 000 0 eng u |
| 035 ## - SYSTEM CONTROL NUMBER | |
| System control number | (Sirsi) u124642 |
| 245 ## - TITLE STATEMENT | |
| Title | First Penthouse Ltd v Channel Hotels and Properties (UK) Ltd: Channel Hotels and Properties (UK) Ltd v Fahad Al Tamimi and others |
| 260 ## - PUBLICATION, DISTRIBUTION, ETC. | |
| Date of publication, distribution, etc. | 2003 |
| 490 ## - SERIES STATEMENT | |
| Series statement | Estates Gazette |
| Volume/sequential designation | [2004] 04 EG 148-157(10) |
| 520 ## - SUMMARY, ETC. | |
| Summary, etc. | [2003] EWHC 2713 (Ch), 14 November 2003. Judgment on two actions relating to a lease of the roof space of a block of flats in which a number of penthouses were to be constructed. In the first action, claimant (FP), to whom the lease had originally been charged, had applied to the defendant (CHAPS), who had been granted an overriding lease in reversion of the lease after a change of freeholder, for a licence to assign the lease to defendant (T). FP sought a declaration that CHAPS had unreasonably withheld consent. FT completed the transfer to T. In the second action by CHAPS against FP, T and the five underlessees, CHAPS sought to establish and enforce its entitlement to forfeit the lease for breaches of covenant by reason of i), FP's unauthorised lease assignment to T ii), the failure to carry out and complete the roof space development expeditiously. FP and T maintained that any right to forfeit in respect of ii) had been waived. "Held": that CHAPs had unreasonably withheld consent. CHAPS also waived the right to forfeit the lease for breach of the covenant to carry out and complete the development expeditiously and its action was dismissed. View judgment at www.bailii.org. |
| 590 ## - LOCAL NOTE (RLIN) | |
| Local note | ABS |
| 650 ## - SUBJECT ADDED ENTRY--TOPICAL TERM | |
| Topical term or geographic name entry element | OVERRIDING LEASES |
| 650 ## - SUBJECT ADDED ENTRY--TOPICAL TERM | |
| Topical term or geographic name entry element | REVERSION |
| 650 ## - SUBJECT ADDED ENTRY--TOPICAL TERM | |
| Topical term or geographic name entry element | WAIVER |
| 650 ## - SUBJECT ADDED ENTRY--TOPICAL TERM | |
| Topical term or geographic name entry element | SUBLEASES |
| 650 ## - SUBJECT ADDED ENTRY--TOPICAL TERM | |
| Topical term or geographic name entry element | BREACH OF COVENANT |
| 650 ## - SUBJECT ADDED ENTRY--TOPICAL TERM | |
| Topical term or geographic name entry element | ASHWORTH FRAZER LTD V GLOUCESTER CITY COUNCIL |
| 650 ## - SUBJECT ADDED ENTRY--TOPICAL TERM | |
| Topical term or geographic name entry element | TENANT COVENANTS |
| 650 ## - SUBJECT ADDED ENTRY--TOPICAL TERM | |
| Topical term or geographic name entry element | FORFEITURE |
| 650 ## - SUBJECT ADDED ENTRY--TOPICAL TERM | |
| Topical term or geographic name entry element | CHANNEL HOTELS AND PROPERTIES (UK) LTD V FAHAD AL TAMINI AND OTHERS |
| 650 ## - SUBJECT ADDED ENTRY--TOPICAL TERM | |
| Topical term or geographic name entry element | LANDLORD AND TENANT (COVENANTS) ACT 1995 |
| 650 ## - SUBJECT ADDED ENTRY--TOPICAL TERM | |
| Topical term or geographic name entry element | FIRST PENTHOUSE LTD V CHANNEL HOTELS AND PROPERTIES (UK) LTD |
| 690 ## - LOCAL SUBJECT ADDED ENTRY--TOPICAL TERM (OCLC, RLIN) | |
| Topical term or geographic name as entry element | LANDLORD AND TENANT-RESIDENTIAL TENANCIES-CASE LAW |
| 856 ## - ELECTRONIC LOCATION AND ACCESS | |
| Uniform Resource Identifier | <a href="https://www.bailii.org/ew/cases/EWHC/Ch/2003/2713.html">https://www.bailii.org/ew/cases/EWHC/Ch/2003/2713.html</a> |
| Public note | View judgment on the BAILLII website... |
| 942 ## - ADDED ENTRY ELEMENTS (KOHA) | |
| Suppress in OPAC | 0 |
| Withdrawn status | Lost status | Source of classification or shelving scheme | Damaged status | Not for loan | Home library | Current library | Shelving location | Date acquired | Total Checkouts | Full call number | Barcode | Date last seen | Copy number | Price effective from | Koha item type |
|---|---|---|---|---|---|---|---|---|---|---|---|---|---|---|---|
| Dewey Decimal Classification | London | London | Journal article | 18/12/2003 | ABS67353 | 124642-1001 | 06/08/2019 | 1 | 06/08/2019 | Law report |